Komplexný pohľad na problematiku spamu
Pohľad na viaceré aspekty spamu, od samotnej entity pojmu po nevyžiadanú reklamu až k forme nevyžiadanej komunikácie. Dva základné legislatívne prístupy k problematike spamu: opt-in a opt-out, inštitucionálne aspekty spamu, tvorba obchodnej ponuky. Rozhodovacia prax a ochrana osobných údajov vo vzťa...
Guardado en:
| Autor principal: | |
|---|---|
| Formato: | Capítulo de libro |
| Lenguaje: | eslovaco |
| Materias: | |
| Etiquetas: |
Sin Etiquetas, Sea el primero en etiquetar este registro!
|
MARC
| LEADER | 00000nla a2200000 4500 | ||
|---|---|---|---|
| 001 | 0236853 | ||
| 005 | 20240417075127.7 | ||
| 041 | 0 | |a slo | |
| 044 | |a SK | ||
| 245 | 1 | 0 | |a Komplexný pohľad na problematiku spamu |c Juraj Ferenčík |
| 520 | |a Pohľad na viaceré aspekty spamu, od samotnej entity pojmu po nevyžiadanú reklamu až k forme nevyžiadanej komunikácie. Dva základné legislatívne prístupy k problematike spamu: opt-in a opt-out, inštitucionálne aspekty spamu, tvorba obchodnej ponuky. Rozhodovacia prax a ochrana osobných údajov vo vzťahu k spamu. | ||
| 610 | 2 | 0 | |a reklama |
| 610 | 2 | 0 | |a pošta elektronická |
| 610 | 2 | 0 | |a obchod elektronický |
| 610 | 2 | 0 | |a legislatíva |
| 610 | 2 | 0 | |a ochrana údajov osobných |
| 610 | 2 | 0 | |a komunikácia elektronická |
| 100 | 1 | |a Ferenčík, Juraj | |